Duden. Band 2 : Stilwörterbuch der deutschen Sprache. Die Verwendung der Wörter im Satz

Enregistré dans:
Détails bibliographiques
Format: Livre
Langue:allemand
Publié: Mannheim : Dudenverlag, 1988
Édition:7.völ.neu bearb.und erw.Aufl.
Tags: Ajouter un tag
Pas de tags, Soyez le premier à ajouter un tag!

MARC

LEADER 00000nam a22000003a 4500
001 stu6575
005 20150408180022.0
008 940923s1988----gw------------------ger-d
020 |a 3-411-20902-X 
040 |a STU  |b slo 
041 0 |a ger 
044 |a gw 
080 |a 803.0-3(038) 
245 |a Duden. Band 2 :  |b Stilwörterbuch der deutschen Sprache. Die Verwendung der Wörter im Satz 
250 |a 7.völ.neu bearb.und erw.Aufl. 
260 |a Mannheim :  |b Dudenverlag,  |c 1988 
300 |a 864 s 
996 |b E79171  |c E*79171  |l EE18  |s P  |a 0  |w stu6575_0001